LEADER 00910nam a2200229 i 4500 001 000000033758 003 CaOOAMICUS 005 20220207103455.0 008 180830s1872 xxk u000 u eng u 040 $aSeMil$bita 100 1 $aHallam, Henry.$0(OLS)http://semarc/name/89364 245 14$aThe constitutional history of England :$bfrom the accession of Henry 7. to the death of George 2. /$cby Henry Hallam. 250 $aNew edition 260 $aLondon :$bJohn Murray,$c1872. 300 $a3 v. ;$c18 cm. 650 4$aInghilterra - Storia.$0(OLS)http://semarc/subject/960 774 0 $t1.$g1$w()254498 774 0 $t2.$g2$w()254500 774 0 $t3.$g3$w()254499 996 $6245$aThe constitutional history of England :$bfrom the accession of Henry 7. to the death of George 2.$9(OLS)http://semarc/title/402255 996 $6260$aLondon :$bJohn Murray$9(OLS)http://semarc/publisher/40972 LEADER 01050nam a2200241 i 4500 001 000000177399 003 CaOOAMICUS 005 20090204000000.0 008 090204s1921 xx u000 u mul u 013 $a154933 040 $aSeMil$bita 245 10$aHippias Majeur ; Charmide ; Lachès ; Lysis /$ctexte établi et traduit par Maurice Croiset. 300 $a155 p. 490 0 $aCollection des Universités de France 700 1 $aCroiset, Maurice <1846-1945>.$0(OLS)http://semarc/name/9196 700 0 $aPlato,$d<427-347 a.C.>.$0(OLS)http://semarc/name/5353 773 0 $aPlato <427-347 a.C.>$tOeuvres complètes.$dParis : Les Belles Lettres, 1921-1949.$kCollection des Universités de France$gTome2$w()20479 830 0$aCollection des Universités de France.$0(OLS)http://semarc/title/6036 850 $aSeMil 852 $aSeMil$W1$xVenegono$y1$m1Z I 33$j128210$B128210$CSeMilBibl$Z2$F139051 $81 900 0 $aPlatone. 996 $6245$aHippias Majeur ; Charmide ; Lachès ; Lysis$9(OLS)http://semarc/title/254778